| 000 | 004900000a22001810004500 | ||
|---|---|---|---|
| 003 | MACL | ||
| 005 | 20160119140131.0 | ||
| 008 | 160119b xxu||||| |||| 00| 0 eng d | ||
| 040 |
_aMACL _cMACL |
||
| 041 | _aEnglish | ||
| 082 | _a001.03/PAR | ||
| 100 |
_aPrakash, Dr R _933212 |
||
| 245 | _aEncyclopaedia of General Knowledge and General Awareness | ||
| 260 |
_bAsian Books Private Ltd _c2002 _aNew Delhi |
||
| 350 | _a240 | ||
| 650 |
_aGeneralities _91354 |
||
| 942 |
_cBK _k001.03/PRA _2ddc |
||
| 999 |
_c32427 _d32427 |
||